Novo millennio ineunte - vsadiť na lásku

Bibliographic Details
Main Author: Zemko, Pavol, 1964- (Author)
Format: Article
Language:Slovak
ISSN:0139-861X
Subjects:

MARC

LEADER 00000nab a2200000 a 4500
001 vtls000799539
003 SK-MaSNL
005 20260302155617.0
008 140328c2002 xo 0 slo
015 |a SNBRB2002/07-21883 
035 |a CLN000151194 
040 |a SNKBUCL  |b slo  |c SNKBUCL  |e AACR2 
041 0 |a slo 
044 |a xo  |c SK 
080 |a 231.1  |2 1997 
080 |a 241.513  |2 1997 
100 1 |a Zemko, Pavol,  |d 1964-  |4 aut  |9 92629 
245 1 0 |a Novo millennio ineunte - vsadiť na lásku  |c Pavol Zemko 
504 |a Bibliogr. odkazy 
650 0 7 |a Boh Otec  |2 snkbucl  |9 1920 
650 0 7 |a láska (teológia)  |2 snkbucl  |9 854328 
655 7 |a články z novín a časopisov  |2 snkbucl  |9 267496 
773 0 |t Duchovný pastier  |g Roč. 83, č. 6 (2002), s. 241-244  |x 0139-861X 
850 |a Slovenská národná knižnica v Martine 
852 |a SNK  |b KIS3GCP 
958 |a SK 
958 |a NB 
992 |a RBX 
999 |c 1372016  |d 1373946